Pháp luật về các khoản thu nộp ngân sách trong lĩnh vực thi hành án dân sự : Luận văn Thạc sỹ Luật học. Chuyên ngành Luật Kinh tế

Khái quát pháp luật về các khoản thu nộp ngân sách trong lĩnh vực thi hành án dân sự, các khoản thu nộp ngân sách trong lĩnh vực thi hành án dân sự - thực trạng và hướng hoàn thiện.

Đã lưu trong:
書目詳細資料
主要作者: Lê, Thị Hồng Phấn
格式: 圖書
語言:Undetermined
出版: Cần Thơ Trường Đại học Cần Thơ 2018
主題:
標簽: 添加標簽
沒有標簽, 成為第一個標記此記錄!
Thư viện lưu trữ: Trung tâm Học liệu Trường Đại học Cần Thơ
LEADER 01141nam a2200229Ia 4500
001 CTU_228652
008 210402s9999 xx 000 0 und d
082 |a 346.597 
082 |b Ph121 
088 |a 60380107 
100 |a Lê, Thị Hồng Phấn 
245 0 |a Pháp luật về các khoản thu nộp ngân sách trong lĩnh vực thi hành án dân sự : 
245 0 |b Luận văn Thạc sỹ Luật học. Chuyên ngành Luật Kinh tế 
245 0 |c Lê Thị Hồng Phấn ; Lê Thị Nguyệt Châu (Hướng dẫn khoa học) 
260 |a Cần Thơ 
260 |b Trường Đại học Cần Thơ 
260 |c 2018 
520 |a Khái quát pháp luật về các khoản thu nộp ngân sách trong lĩnh vực thi hành án dân sự, các khoản thu nộp ngân sách trong lĩnh vực thi hành án dân sự - thực trạng và hướng hoàn thiện. 
650 |a Civil law,Luật dân sự 
650 |z Vietnam,Việt Nam 
910 |b nthai 
980 |a Trung tâm Học liệu Trường Đại học Cần Thơ